000 00397nam a2200133 4500
001 148080
003 ES-MaACL
007 t|
008 070214s1953 sp r ||||1| spa d
100 1 _aStigler, George J.
_9108219
245 1 3 _aLa teoría de los precios /
_cGeorge J. Stigler.
260 _aMadrid :
_bRevista de Derecho Privado,
_c1953 (
_fTip. P. López)
852 _aES-MaACL
_jC-5880
_bR.35032
999 _c148080
_d148080